Language Quiz

Random Language or Letter Quiz

Fill in the Middle: Consonant Pairs Quiz Stats

 Plays Quiz Updated Oct 16, 2016

Challenge
Share
Tweet
Embed
Score 0/24 Timer 03:00
3 Plays Today
% Correct
RT
87.9%
GN
86.5%
WT
85.9%
MS
85.8%
LB
85.3%
LS
84.4%
NS
84%
LG
83.2%
RF
80.3%
HP
79.3%
DN
79.3%
RB
77.4%
% Correct
HC
76.9%
KC
76.2%
HT
75.5%
PS
75.4%
LF
74.3%
KS
73%
HW
71.1%
RP
70.5%
LW
69.3%
RG
63.2%
WS
62%
HS
61.7%

You're not logged in!

Compare scores with friends on all Sporcle quizzes.
OR
Log In

You Might Also Like...

Show Comments

Extras

Top Quizzes Today


Score Distribution

Your Account Isn't Verified!

In order to create a playlist on Sporcle, you need to verify the email address you used during registration. Go to your Sporcle Settings to finish the process.

Report this User

Report this user for behavior that violates our Community Guidelines.

Details: